000 00443nam a2200181Ia 4500
001 20356
005 20260306172800.0
008 260306t2012||||xx |||||||||||||| ||spa||
041 _aESP
082 _a343.2
_bK81
100 _aKresalja, Baldo
_eAUT
245 0 _aEl régimen económico de la Constitución de 1993
260 _c2012
300 _a298 páginas :
_c24 cm.
650 _aGEN
654 _aCDE
942 _cLIB
_dJUS
_fJUS
_2ddc
_n
999 _c20356
_d20356